000 02092nam a2200325 a 4500
001 000005070
003 OSt
005 20260120073949.0
007 ta
008 090729s1956 dr a 001 0 spa d
040 _aDO-SdBNP
_bspa
_cBNPHU
082 4 _a291.422
_bR894m
_222
100 1 _aRuano, Agimiro
_914568
245 1 3 _aLa mística de occidente :
_bSan Juan de la Cruz, filósofo contemporáneo /
_cRuano de Laiglesia ; prólogo Juan Francisco Sánchez.
260 _aCiudad Trujillo, República Dominicana :
_bUniversidad de Santo Domingo,
_c1956
_eMontalvo
300 _a25, 239 p. :
_bil. ;
_c23 cm.
490 1 _aUniversidad de Santo Domingo
_v105. Serie II. Nº 3
504 _aIncluye bibliografía y notas al pie de páginas.
504 _aBibliografía: p. 19-25.
505 0 _gDedicatoria --
_gPrólogo --
_tEntrada. Simbolismos en la mística española --
_gBibliografía:
_tA)Ediciones de San Juan de la Cruz el siglo XX --
_tB)Obras que deben conocerse sobre San Juan de Cruz hasta el siglo XX --
_tC)Obras contemporáneas más notables sobre San Juan de la Cruz --
_tD)Obras que pueden dar una idea de la mítica occidental contemporánea --
_gSugerencias de introducción.
505 0 _gI.- La crisis tomista:
_tLa escuela de Lovaina. Maritain. Gilson --
_tSan Juan de la Cruz y el espíritu del tomismo --
_gII.- Excursión al siglo de Descartes:
_tBossuet --
_tDesde Molinos y Fenelón a Malebranche --
_gDiálogos contemporáneos:
_tMaréchal, Amor Ruibal, Aimé Forest --
_tJean Baruzi --
_tLouis Lavelle, Jacques Paillard, G. Thibon --
_tGeografía espiritual de Blondel --
_tDiscusión en la Sorbona --
_gLo menos sabido de San Juan de la Cruz:
_tUna frontera --
_tInvasión espiritual --
_tLos inconformes.
600 1 4 _aJUAN DE LA CRUZ,
_cSANTO,
_d1542-1591
_914569
650 4 _aMisticismo
_xIglesia católica
_914570
650 4 _aMísticos
_914571
650 0 _aVida espiritual
_9268
700 1 _aSánchez, Juan Francisco,
_epról.
_97332
830 0 _aUniversidad de Santo Domingo
_n105. Serie II. Nº 3
_914572
910 _aValidado. Control de calidad EMS.
942 _2ddc
_cLF1
999 _c4874
_d4874